| 000 | 00545cam a2200217ua 4500 | ||
|---|---|---|---|
| 020 |
_a81-224-0086-8 _c350.00 |
||
| 041 |
_aeng _h |
||
| 082 |
_a530.41 _bSIN/PH |
||
| 100 | _aSingh, R K . | ||
| 245 |
_aPhonons in condensed matter physics / _cR K Singh. _hTextual Documents |
||
| 250 |
_a1 / _b. |
||
| 260 |
_aNew Delhi : _bWiley Eastern Ltd , _c1990. |
||
| 300 | _a266 ; . | ||
| 365 | _a350.00 | ||
| 500 | _a20321, CSS | ||
| 504 | _a | ||
| 700 | 1 | _aSanyal, S P . | |
| 942 | _cBK | ||
| 999 |
_c7422 _d7422 |
||